000 00428nam a22001577a 4500
005 20231106135039.0
008 170909b xxu||||| |||| 00| 0 eng d
020 _a978-93-325-1910-7
041 _aeng
082 _a631.4
100 _a BREDY, NYLE C. AND WEIL, RAY R.
_93907
245 _aTHE NATURE AND PROPERTIES OF SOILS
_cNYLE C. BREDY, AND RAY R. WEIL
260 _bPEARSON
_c2014
300 _a1046p.
942 _cBK
999 _c5547
_d5545